| 000 | 00627nam a2200193 a 4500 | ||
|---|---|---|---|
| 005 | 20240625063620.0 | ||
| 008 | 991125s1910 es 000 0 spa u | ||
| 035 | _aUPN01000017084 | ||
| 049 | _aCE | ||
| 050 | 4 |
_aLC92 _bU4.38 |
|
| 100 | 1 | _aUslander, J. | |
| 245 | 1 | 3 |
_aLa educación : _bdesde el punto de vista sociológico / _cJ. Uslander ; tr. por Luis Umbert. |
| 260 |
_aBarcelona [Esp.] : _bImpr. de Henrich y C., _c1910. |
||
| 300 | _a2 t. en 1 v. | ||
| 500 | _aLa biblioteca tiene t.1 y t.2 | ||
| 500 | _aDisponible en la Colección Medina | ||
| 650 | 4 |
_aEducación _xAspectos sociales _zMéxico _99024 |
|
| 905 | _aLibro | ||
| 999 |
_c17084 _d17084 |
||